[Event "24th Abu Dhabi Masters"]
[Site "Abu Dhabi UAE"]
[Date "2017.08.21"]
[Round "8.11"]
[White "Hovhannisyan, Robert"]
[Black "Mekhitarian, Krikor Sevag"]
[Result "1/2-1/2"]
[WhiteTitle "GM"]
[BlackTitle "GM"]
[WhiteElo "2606"]
[BlackElo "2534"]
[WhiteFideId "13302507"]
[BlackFideId "2107660"]
[EventDate "2017.08.14"]

1. e4 c5 2. Nf3 d6 3. d4 cxd4 4. Nxd4 Nf6 5. Nc3 a6 6. Be3 e5 7. Nb3 Be6 8. Be2
Be7 9. Nd5 Nbd7 10. Qd3 O-O 11. c4 Bxd5 12. cxd5 Nc5 13. Nxc5 dxc5 14. O-O b5
15. b3 Bd6 16. Rfc1 Qe7 17. a4 h6 18. f3 Rab8 19. axb5 axb5 20. Ra5 c4 21. bxc4
bxc4 22. Qxc4 Rfd8 23. Qa2 Rd7 24. Ra8 Rxa8 25. Qxa8+ Rd8 26. Rc8 Rxc8 27. Qxc8+
Qf8 28. Qxf8+ Kxf8 29. g3 Nd7 30. Kg2 Nc5 31. Bc4 h5 32. Kf1 g6 33. Ke2 Ke7 34.
Bd2 f5 35. Bg5+ Kf7 36. Bd3 f4 37. gxf4 exf4 38. Bb5 Be5 39. Bc6 Nb3 40. Kf2
Bd4+ 41. Kg2 Be5 42. Bd7 Nd4 43. Ba4 Bc7 44. Bh4 Be5 45. Bd8 Kf8 46. Kf2 Kf7 47.
Bb6 Ke7 48. Bc5+ Kf7 49. d6 Ne6 50. d7 Bc7 51. Bb4 Bb6+ 52. Kg2 Bc7 53. h4 Kf6
54. Bb3 Nd8 55. Bd5 Ne6 56. Kf1 Ke5 57. Ke1 Bd8 58. Kf1 Bxh4 59. Bb3 Bd8 60.
Bc3+ Kd6 61. Ba4 Ke7 62. Bb4+ Kf6 63. Bd6 g5 64. e5+ Kf7 65. Bb3 g4 66. fxg4
hxg4 67. Kg2 Bb6 68. Bb4 Bc7 69. Bc4 Bb6 70. Ba3 Bc7 71. Bd6 Bb6 72. Bb4 Bc7 73.
Bd5 Bb6 74. Bb3 Bc7 75. Ba3 Bb6 76. Bd1 f3+ 77. Kg3 f2 78. Be2 Nf8 79. Bc4+ Kg7
80. Bb2 Nxd7 81. e6+ Kf8 82. exd7 Ke7 83. Bb5 f1=Q 84. Bxf1 Kxd7 85. Kxg4 Bc5
86. Kf5 Bd6 87. Bd4 Kc7 88. Ke6 Bg3 89. Bg2 Bh2 90. Kd5 Bg3 91. Bc3 Bh2 92. Ba5+
Kb8 93. Kc6 Bf4 94. Bb6 Bg3 95. Kb5 Bf4 96. Ka6 Be5 97. Bh3 Bf4 1/2-1/2

[Event "24th Abu Dhabi Masters"]
[Site "Abu Dhabi UAE"]
[Date "2017.08.21"]
[Round "8.12"]
[White "Fier, Alexandr"]
[Black "Sangma, Rahul"]
[Result "1-0"]
[WhiteTitle "GM"]
[BlackTitle "IM"]
[WhiteElo "2579"]
[BlackElo "2325"]
[WhiteFideId "2107139"]
[BlackFideId "5013615"]
[EventDate "2017.08.14"]

1. d4 Nf6 2. c4 e6 3. Nf3 Bb4+ 4. Nbd2 O-O 5. a3 Bxd2+ 6. Qxd2 a5 7. b3 d6 8. e3
Qe7 9. Bb2 b6 10. Be2 Bb7 11. O-O Nbd7 12. Qc2 Ne4 13. Rad1 f5 14. d5 e5 15. Ne1
Qg5 16. f4 Qh6 17. Nd3 Rae8 18. b4 Nef6 19. bxa5 bxa5 20. Bc3 c6 21. Bxa5 cxd5
22. cxd5 Bxd5 23. Bb4 Kh8 24. Bxd6 Bxg2 25. Kxg2 Nd5 26. Qc6 Nxe3+ 27. Kh1 e4
28. Nb4 Nxf1 29. Bxf1 Qh5 30. Qc2 Rf6 31. Bc7 e3 32. Rxd7 Rg6 33. Qe2 Qh4 34.
Nd3 Qf6 35. Rd6 Qe7 36. Rxg6 hxg6 37. Be5 Qxa3 38. Qxe3 Rd8 39. Kg1 Qe7 40. Nc5
Qh4 41. Bxg7+ Kxg7 42. Ne6+ Kh6 43. Nxd8 Qxd8 44. Bd3 Qh4 45. Kg2 Qg4+ 46. Qg3
Qd1 47. h4 Qd2+ 48. Kh3 Qd1 49. Kh2 Qd2+ 50. Kg1 Qd1+ 51. Bf1 Kg7 52. Kg2 Kh7
53. Qf3 Qd2+ 54. Be2 Kh6 55. h5 Qd6 56. hxg6 Qxg6+ 57. Qg3 Qf6 58. Kh3 Qe6 59.
Bd3 1-0

[Event "24th Abu Dhabi Masters"]
[Site "Abu Dhabi UAE"]
[Date "2017.08.21"]
[Round "8.13"]
[White "Rozum, Ivan"]
[Black "Harika, Dronavalli"]
[Result "1-0"]
[WhiteTitle "GM"]
[BlackTitle "GM"]
[WhiteElo "2579"]
[BlackElo "2526"]
[WhiteFideId "24104272"]
[BlackFideId "5015197"]
[EventDate "2017.08.14"]

1. c4 e6 2. g3 d5 3. Bg2 Nf6 4. Nf3 Be7 5. O-O O-O 6. d4 dxc4 7. Qc2 a6 8. a4
Bd7 9. Rd1 Bc6 10. Nc3 Bxf3 11. Bxf3 Nc6 12. Bxc6 bxc6 13. a5 Rb8 14. Ra4 Rb4
15. Na2 Rxa4 16. Qxa4 Qb8 17. Qxc4 Qb7 18. Rd3 Rb8 19. b4 Nd5 20. Bd2 f5 21. Qc2
Qb5 22. Be1 Rd8 23. Rd1 f4 24. Qe4 Qa4 25. Qxe6+ Kf8 26. Qf5+ Bf6 27. Qb1 Re8
28. Rd2 Kg8 29. gxf4 Qb5 30. e3 Bh4 31. Qf5 g6 32. Qg4 Nxe3 33. Qe2 g5 34. fxe3
Bxe1 35. Qxe1 gxf4 36. Rg2+ Kh8 37. Qh4 Qf5 38. Qxf4 1-0

[Event "24th Abu Dhabi Masters"]
[Site "Abu Dhabi UAE"]
[Date "2017.08.21"]
[Round "8.14"]
[White "Nihal, Sarin"]
[Black "Ter-Sahakyan, Samvel"]
[Result "1/2-1/2"]
[WhiteTitle "FM"]
[BlackTitle "GM"]
[WhiteElo "2485"]
[BlackElo "2577"]
[WhiteFideId "25092340"]
[BlackFideId "13302531"]
[EventDate "2017.08.14"]

1. e4 c5 2. Nf3 d6 3. d4 cxd4 4. Nxd4 Nf6 5. Nc3 a6 6. Be2 e5 7. Nf3 h6 8. Bc4
Be7 9. Nh4 Nc6 10. Be3 Na5 11. Bd5 Bg4 12. Qd3 Rc8 13. Nf5 Bxf5 14. exf5 Qc7 15.
O-O-O Nc4 16. Bxc4 Qxc4 17. Qxc4 Rxc4 18. Nd5 Nxd5 19. Rxd5 Kd7 20. g3 Rhc8 21.
c3 b5 22. a3 h5 23. h4 f6 24. Rhd1 Rg4 25. Kd2 g6 26. fxg6 Ke6 27. Ke2 Rcc4 28.
Bb6 Rxg6 29. Bd8 Bf8 30. Ba5 Rgg4 31. Bb4 Rc6 32. a4 bxa4 33. Ra5 f5 34. Ra1 f4
35. gxf4 Rxf4 36. R5xa4 Rxh4 37. Rxa6 Rxa6 38. Rxa6 Rf4 39. Ra7 Be7 40. Ra8 Bf8
41. Ra7 Be7 42. Ra8 Bh4 43. f3 Bf6 44. Ra6 Be7 45. Ra8 Rh4 46. Rh8 Rh2+ 47. Kf1
h4 48. Ba3 Bg5 49. Rg8 Bf4 50. Rg6+ Kf5 51. Rxd6 h3 52. Kg1 Rc2 53. Rd1 Be3+ 54.
Kh1 Kf4 55. Bd6 Rxb2 56. Re1 Kxf3 57. Bxe5 Rc2 58. Rf1+ Ke4 59. Re1 Kf3 60. Rf1+
Kg4 61. Re1 Bc5 62. Rf1 Bf2 63. Bd6 Bg3 64. Bxg3 Kxg3 1/2-1/2

[Event "24th Abu Dhabi Masters"]
[Site "Abu Dhabi UAE"]
[Date "2017.08.21"]
[Round "8.15"]
[White "Gagare, Shardul"]
[Black "Gabuzyan, Hovhannes"]
[Result "1/2-1/2"]
[WhiteTitle "GM"]
[BlackTitle "GM"]
[WhiteElo "2467"]
[BlackElo "2566"]
[WhiteFideId "5037883"]
[BlackFideId "13303732"]
[EventDate "2017.08.14"]

1. d4 Nf6 2. c4 g6 3. Nf3 Bg7 4. g3 c6 5. Bg2 O-O 6. O-O d5 7. cxd5 cxd5 8. Nc3
e6 9. Ne5 Nfd7 10. f4 Nc6 11. Be3 f6 12. Nxc6 bxc6 13. Rc1 Ba6 14. b3 Rc8 15.
Qd2 Rf7 16. g4 f5 17. g5 c5 18. Na4 c4 19. b4 Bb5 20. Nc5 Qe8 21. Rb1 h5 22.
Rfc1 Ra8 23. Bf2 Bf8 24. e3 a5 25. a3 axb4 26. axb4 Nb6 27. Ra1 Rfa7 28. Qb2 Na4
29. Qc2 Nxc5 30. Rxa7 Rxa7 31. bxc5 Qa8 32. Be1 Ra2 33. Qb1 Qa3 34. Rc3 Qa4 35.
Rc1 Qa3 36. Rc3 Qa6 37. Rc1 Be7 38. Qb4 Ra3 39. Kf2 Ra4 40. Qb1 Bd8 41. Bf3 Ra2+
42. Rc2 Ra1 43. Qb2 Qa4 44. Be2 Kf7 45. Bc3 Ra3 46. Qb4 Bc7 47. Qxa4 Bxa4 48.
Rc1 Ke8 49. Bb4 Ra2 50. Bc3 Bb3 51. Ke1 Kd7 52. Rb1 Kc6 53. h4 Rc2 54. Bb4 Ra2
55. Bc3 Bd8 56. Bd2 Ra8 57. Bd1 Bxd1 58. Kxd1 Bc7 59. Kc2 Ra2+ 60. Rb2 Rxb2+ 61.
Kxb2 Kb5 62. Bc3 1/2-1/2

[Event "24th Abu Dhabi Masters"]
[Site "Abu Dhabi UAE"]
[Date "2017.08.21"]
[Round "8.16"]
[White "Muthaiah, AL"]
[Black "Wagner, Dennis"]
[Result "1/2-1/2"]
[BlackTitle "GM"]
[WhiteElo "2292"]
[BlackElo "2563"]
[WhiteFideId "5092442"]
[BlackFideId "24650684"]
[EventDate "2017.08.14"]

1. d4 Nf6 2. Nf3 d5 3. g3 c5 4. c3 cxd4 5. cxd4 Nc6 6. Nc3 e6 7. Bg2 Bd6 8. O-O
O-O 9. Bf4 Bxf4 10. gxf4 b6 11. Rc1 Bd7 12. e3 Ne8 13. Ne5 Ne7 14. Ne2 Nd6 15.
Ng3 Bb5 16. Re1 f6 17. Nf3 Qd7 18. Bf1 Bxf1 19. Rxf1 Rac8 20. Qd3 Qa4 21. Qb1
Qd7 22. Rxc8 Rxc8 23. Rc1 Rc6 24. Ne1 Qc7 25. Rxc6 Qxc6 26. Qc2 Qxc2 27. Nxc2
Kf7 28. b3 Ke8 29. f3 Kd7 30. Kf2 a5 31. a4 Nc6 32. Ne2 Ne7 33. Nc3 Kc6 34. Na3
Nef5 35. Nab5 Nxb5 36. Nxb5 Nd6 37. Nxd6 Kxd6 38. Kg3 Ke7 39. Kg4 f5+ 40. Kg3
Kf6 41. h4 Kg6 42. Kh3 Kh5 43. Kg3 Kg6 44. Kh3 Kh6 45. Kg3 Kh5 1/2-1/2

[Event "24th Abu Dhabi Masters"]
[Site "Abu Dhabi UAE"]
[Date "2017.08.21"]
[Round "8.17"]
[White "Sethuraman, S.P."]
[Black "Raghunandan, Kaumandur Srihari"]
[Result "1-0"]
[WhiteTitle "GM"]
[BlackTitle "IM"]
[WhiteElo "2618"]
[BlackElo "2398"]
[WhiteFideId "5021596"]
[BlackFideId "25004964"]
[EventDate "2017.08.14"]

1. Nf3 d5 2. g3 Bg4 3. Bg2 Nd7 4. O-O e6 5. h3 Bh5 6. d4 Ngf6 7. c4 c6 8. cxd5
exd5 9. Qb3 Qb6 10. Qe3+ Be7 11. Nh4 Kf8 12. Nc3 Re8 13. Qd3 Bg6 14. Nxg6+ hxg6
15. Bd2 Bd6 16. h4 Kg8 17. Rae1 Qc7 18. Bg5 Nh7 19. e4 Nxg5 20. hxg5 dxe4 21.
Bxe4 Qc8 22. Bg2 Rxe1 23. Rxe1 Kh7 24. d5 Re8 25. Rxe8 Qxe8 26. dxc6 Qe1+ 27.
Kh2 Ne5 28. Qe4 Qxf2 29. Nb5 Bb8 30. c7 Bxc7 31. Nxc7 Qxb2 32. Nd5 Kg8 33. a4 a5
34. Ne3 Qc3 35. Ng4 Nxg4+ 36. Qxg4 b6 37. Qd7 Qe3 38. Bd5 Qe2+ 39. Bg2 Qh5+ 40.
Qh3 Qxg5 41. Qc8+ Kh7 42. Qc4 Qf5 43. Kg1 f6 44. Bf1 Qe5 45. Kg2 Qb2+ 46. Kf3
Qa3+ 47. Bd3 f5 48. Qh4+ Kg8 49. Qd4 Kf7 50. Qd5+ Kf6 51. Qc6+ Kg5 52. Qd7 Kf6
53. Qd4+ Kf7 54. Kg2 Qa2+ 55. Kh3 Qa3 56. Bc4+ Ke8 57. Qxg7 Qf3 58. Bb5+ 1-0

[Event "24th Abu Dhabi Masters"]
[Site "Abu Dhabi UAE"]
[Date "2017.08.21"]
[Round "8.18"]
[White "Fawzy, Adham"]
[Black "Maghsoodloo, Parham"]
[Result "1-0"]
[WhiteTitle "IM"]
[BlackTitle "GM"]
[WhiteElo "2422"]
[BlackElo "2590"]
[WhiteFideId "10613129"]
[BlackFideId "12539929"]
[EventDate "2017.08.14"]

1. e4 g6 2. d4 Bg7 3. Nc3 d6 4. f4 a6 5. Nf3 b5 6. Bd3 Nd7 7. e5 Bb7 8. O-O c5
9. Ng5 Qb6 10. Be4 Bxe4 11. Ncxe4 d5 12. Nc3 e6 13. Be3 cxd4 14. Bxd4 Qc6 15. a4
b4 16. Nb5 axb5 17. axb5 Qb7 18. Rxa8+ Qxa8 19. f5 Nxe5 20. fxe6 f6 21. Bxe5
fxe5 22. Rf7 Bf8 23. Nxh7 Bc5+ 24. Kh1 Ne7 25. Qf1 Nf5 26. b6 Qc6 27. b7 Ba7 28.
Qxf5 gxf5 29. Nf6+ Kd8 30. e7+ 1-0

[Event "24th Abu Dhabi Masters"]
[Site "Abu Dhabi UAE"]
[Date "2017.08.21"]
[Round "8.19"]
[White "Andersen, Mads"]
[Black "Tania, Sachdev"]
[Result "1-0"]
[WhiteTitle "GM"]
[BlackTitle "IM"]
[WhiteElo "2586"]
[BlackElo "2392"]
[WhiteFideId "1413864"]
[BlackFideId "5007844"]
[EventDate "2017.08.14"]

1. d4 Nf6 2. c4 e6 3. Nf3 b6 4. g3 Bb7 5. Bg2 Be7 6. O-O O-O 7. d5 exd5 8. Nh4
c6 9. cxd5 Nxd5 10. Nf5 Nc7 11. Nc3 d5 12. e4 Bf6 13. exd5 Nxd5 14. Nxd5 cxd5
15. Ne3 Na6 16. Nxd5 Nc5 17. Rb1 Ba6 18. Re1 Rc8 19. Re3 Bb5 20. b3 Re8 21.
Rxe8+ Bxe8 22. Nxf6+ Qxf6 23. Bb2 Qf5 24. Rc1 Qd7 25. Qd4 Ne6 26. Qe3 Rxc1+ 27.
Qxc1 h6 28. h4 Qd3 29. Bf1 Qe4 30. Qc8 Nf8 31. Qc3 Ne6 32. Bg2 Qb1+ 33. Kh2 Bd7
34. a3 Qf5 35. Qd2 Bb5 36. b4 Qd3 37. Qc1 Bc4 38. Qc3 Qe2 39. Bc1 b5 40. Be3 a6
41. Qe5 Qd3 42. Qb8+ Qd8 43. Qxd8+ Nxd8 44. Bb6 Ne6 45. Bb7 g5 46. Bxa6 gxh4 47.
gxh4 Nf4 48. a4 Nd5 49. Ba5 Nc3 50. axb5 Kg7 51. Kg3 Kf6 52. Kf4 Nxb5 53. Bb6
Bf1 54. Bc5 Kg6 55. Be7 Kh5 56. Bd8 Bc4 57. Kg3 Kg6 58. Kg4 Be2+ 59. Kf4 Bc4 60.
Ke5 Kh5 61. Bc8 Be2 62. Bd7 Nc3 63. Kd4 Nd1 64. f4 Nb2 65. b5 Na4 66. Be8 Kg4
67. Ke5 Nc5 68. b6 Bf3 69. f5 Nd3+ 70. Kf6 Kxh4 71. Kxf7+ Kg4 72. f6 h5 73. Bd7+
Kg3 74. Bc7+ Kg2 75. Kg7 Nc5 76. Bc8 Bd5 77. b7 Bxb7 78. Bxb7+ Nxb7 79. f7 Nc5
80. Kf6 1-0

[Event "24th Abu Dhabi Masters"]
[Site "Abu Dhabi UAE"]
[Date "2017.08.21"]
[Round "8.20"]
[White "Jonkman, Harmen"]
[Black "Indjic, Aleksandar"]
[Result "1/2-1/2"]
[WhiteTitle "GM"]
[BlackTitle "GM"]
[WhiteElo "2402"]
[BlackElo "2581"]
[WhiteFideId "1002708"]
[BlackFideId "911925"]
[EventDate "2017.08.14"]

1. e4 g6 2. d4 Bg7 3. Nf3 d6 4. Bc4 Nf6 5. Nbd2 O-O 6. O-O Nc6 7. Re1 e5 8. dxe5
Nxe5 9. Nxe5 dxe5 10. Bf1 Be6 11. c3 Qe7 12. Nc4 Rfd8 13. Qc2 Nd7 14. Na5 Rab8
15. Be3 Nf6 16. f3 Bd7 17. b4 b6 18. Nc4 Nh5 19. a4 Nf4 20. a5 Ne6 21. axb6 axb6
22. Ra7 Qe8 23. Bf2 Ra8 24. Rea1 Rxa7 25. Rxa7 Bb5 26. Bh4 Rc8 27. Ne3 Bxf1 28.
Kxf1 Ra8 29. Rxa8 Qxa8 30. Nd5 c6 31. Nf6+ Kh8 32. Qd2 g5 33. Bxg5 Nxg5 34. Qxg5
Qd8 35. Nxh7 Qd3+ 36. Kf2 Kxh7 37. Qf5+ Kg8 38. Qc8+ Bf8 39. Qg4+ Bg7 40. Qc8+ 1/2-1/2

[Event "24th Abu Dhabi Masters"]
[Site "Abu Dhabi UAE"]
[Date "2017.08.21"]
[Round "8.21"]
[White "Karthikeyan, Murali"]
[Black "Saravana, Krishnan P."]
[Result "1-0"]
[WhiteTitle "GM"]
[WhiteElo "2579"]
[BlackElo "2378"]
[WhiteFideId "5074452"]
[BlackFideId "5018382"]
[EventDate "2017.08.14"]

1. Nf3 Nf6 2. g3 d5 3. Bg2 c6 4. O-O Bf5 5. d3 e6 6. Nbd2 h6 7. Qe1 Be7 8. e4
Bh7 9. Kh1 O-O 10. Ne5 Nbd7 11. Nxd7 Nxd7 12. f4 Re8 13. g4 a5 14. e5 c5 15. Qg3
b5 16. Nf3 Ra6 17. Bh3 c4 18. f5 cxd3 19. cxd3 Nc5 20. f6 Bf8 21. g5 h5 22. g6
Bxg6 23. Nh4 Bxd3 24. fxg7 Be7 25. Qf4 f6 26. Qh6 d4 27. exf6 Bxf6 28. Rxf6 Bh7
29. Bf4 Qa8+ 30. Bg2 Ne4 31. Re1 Nf2+ 32. Kg1 Ng4 33. Bxa8 Nxh6 34. Bxh6 1-0

[Event "24th Abu Dhabi Masters"]
[Site "Abu Dhabi UAE"]
[Date "2017.08.21"]
[Round "8.22"]
[White "Sardana, Rishi"]
[Black "Deac, Bogdan-Daniel"]
[Result "1-0"]
[WhiteTitle "IM"]
[BlackTitle "GM"]
[WhiteElo "2386"]
[BlackElo "2573"]
[WhiteFideId "25004301"]
[BlackFideId "1226380"]
[EventDate "2017.08.14"]

1. e4 c5 2. c3 Nf6 3. e5 Nd5 4. Nf3 Nc6 5. Bc4 Nb6 6. Bb3 d5 7. exd6 Qxd6 8. O-O
g6 9. Na3 a6 10. Ng5 e6 11. Ne4 Qd8 12. d3 Be7 13. Bh6 Nd5 14. Re1 f5 15. Ng5
Nxc3 16. bxc3 Bxg5 17. Bxg5 Qxg5 18. Bxe6 Kd8 19. Qb3 Kc7 20. Rab1 b5 21. Bxc8
Raxc8 22. Qf7+ Kd8 23. h4 Qf4 24. Qd5+ Kc7 25. Qf7+ Kd8 26. Qf6+ Kc7 27. Qg7+
Kd6 28. Rxb5 Rhe8 29. Rbb1 c4 30. Nxc4+ Kc5 31. d4+ Kxc4 32. Qf7+ Kxc3 33. Qb3+ 1-0

[Event "24th Abu Dhabi Masters"]
[Site "Abu Dhabi UAE"]
[Date "2017.08.21"]
[Round "8.23"]
[White "Eggleston, David J"]
[Black "Idani, Pouya"]
[Result "1/2-1/2"]
[WhiteTitle "IM"]
[BlackTitle "GM"]
[WhiteElo "2380"]
[BlackElo "2569"]
[WhiteFideId "412120"]
[BlackFideId "12510130"]
[EventDate "2017.08.14"]

1. e4 c5 2. Nf3 d6 3. d4 cxd4 4. Nxd4 Nf6 5. Nc3 a6 6. h3 e5 7. Nb3 Be6 8. f4 g6
9. fxe5 dxe5 10. Qxd8+ Kxd8 11. Bg5 Be7 12. O-O-O+ Nfd7 13. Be3 Kc7 14. g4 Nb6
15. Nc5 N8d7 16. Nxd7 Nxd7 17. Nd5+ Bxd5 18. Rxd5 Rac8 19. Be2 f6 20. Rhd1 Rcd8
21. a4 Nb8 22. a5 Rxd5 23. Rxd5 Nd7 24. c3 Rg8 25. b4 f5 26. exf5 gxf5 27. gxf5
Rg3 28. Rd3 Bg5 29. Bxg5 Rxg5 30. h4 Rg1+ 31. Rd1 Rg3 32. Rd3 Rg1+ 33. Rd1 Rg3
34. Rd3 1/2-1/2

[Event "24th Abu Dhabi Masters"]
[Site "Abu Dhabi UAE"]
[Date "2017.08.21"]
[Round "8.24"]
[White "Sviridov, Valery"]
[Black "Muradli, Mahammad"]
[Result "0-1"]
[BlackTitle "FM"]
[WhiteElo "2519"]
[BlackElo "2357"]
[WhiteFideId "4120680"]
[BlackFideId "13409301"]
[EventDate "2017.08.14"]

1. Nf3 Nf6 2. g3 g6 3. Bg2 Bg7 4. O-O O-O 5. c4 c5 6. Nc3 Nc6 7. d4 d6 8. dxc5
dxc5 9. Bf4 Qa5 10. Ne5 Nd4 11. e3 Ne6 12. h4 Rd8 13. Qe2 Nd7 14. Nf3 Bxc3 15.
bxc3 Qxc3 16. Bh6 Nb6 17. Rfc1 Qf6 18. a4 Bd7 19. a5 Nc8 20. e4 Bc6 21. Rab1 a6
22. Qe3 Na7 23. Ng5 Nxg5 24. Bxg5 Qe5 25. Bf4 Qd4 26. Qe2 Rac8 27. Be3 Qd6 28.
Qb2 Ra8 29. Qa3 Qe6 30. Bxc5 Nc8 31. f3 Nd6 32. Qc3 Rd7 33. Kh2 Rad8 34. Bb6 Rc8
35. Qb4 Qf6 36. Bh3 Qxf3 37. Rb2 Nxe4 38. Qe1 f5 39. Re2 Rd3 40. Bg2 Qg4 41. Re3
Rd2 42. Kg1 Rxg2+ 43. Kxg2 Nxg3+ 44. Kf2 Nh1+ 0-1

[Event "24th Abu Dhabi Masters"]
[Site "Abu Dhabi UAE"]
[Date "2017.08.21"]
[Round "8.25"]
[White "Golubov, Saveliy"]
[Black "Vantika, Agrawal"]
[Result "1-0"]
[WhiteTitle "IM"]
[WhiteElo "2512"]
[BlackElo "2238"]
[WhiteFideId "24176729"]
[BlackFideId "25050389"]
[EventDate "2017.08.14"]

1. d4 Nf6 2. c4 g6 3. Nc3 Bg7 4. e4 d6 5. h3 O-O 6. Be3 e5 7. d5 a5 8. Nf3 Na6
9. g4 Nd7 10. Nd2 Ndc5 11. a3 Bd7 12. h4 a4 13. Be2 c6 14. g5 cxd5 15. Nxd5 Nc7
16. h5 N7e6 17. Nf3 Nf4 18. hxg6 fxg6 19. Nxf4 exf4 20. Bxc5 dxc5 21. Qd5+ Rf7
22. O-O-O Qb6 23. Ne5 Be6 24. Qd6 Qxd6 25. Rxd6 Bxe5 26. Rxe6 Bd4 27. Bf3 Bxf2
28. e5 Be3+ 29. Kc2 Rd8 30. Bd5 Kg7 31. Kd3 b5 32. Ke4 bxc4 33. Rd6 Rff8 34.
Rxd8 Rxd8 35. e6 Bd4 36. Bc6 Rd6 37. Bd7 Kf8 38. Rxh7 Bg7 39. Rxg7 Kxg7 40. e7
Rxd7 41. e8=Q Rf7 42. Kf3 Rb7 43. Kxf4 Rf7+ 44. Kg4 Rb7 45. Qe4 Rd7 46. Qe5+ Kh7
47. Qxc5 Rb7 48. Qxc4 Ra7 49. Qc6 Kg7 50. Qb6 Rd7 51. Qb4 Kh7 52. Qxa4 1-0

[Event "24th Abu Dhabi Masters"]
[Site "Abu Dhabi UAE"]
[Date "2017.08.21"]
[Round "8.26"]
[White "Hedman, Erik"]
[Black "Saduakassova, Dinara"]
[Result "0-1"]
[WhiteTitle "FM"]
[BlackTitle "IM"]
[WhiteElo "2376"]
[BlackElo "2444"]
[WhiteFideId "1702351"]
[BlackFideId "13700090"]
[EventDate "2017.08.14"]

1. d4 Nf6 2. c4 b6 3. Nc3 Bb7 4. Qc2 d5 5. cxd5 Nxd5 6. Nf3 e6 7. e4 Nxc3 8.
bxc3 Be7 9. Bd3 c5 10. O-O Nd7 11. Rd1 cxd4 12. cxd4 O-O 13. Bf4 Rc8 14. Qe2 Nf6
15. a4 Rc3 16. d5 exd5 17. e5 Nd7 18. Bd2 Rc8 19. Bf5 Kh8 20. Re1 Rc7 21. a5 g6
22. axb6 axb6 23. Bh3 Nc5 24. Qb5 Ne4 25. Bh6 Bc5 26. Ra2 Re8 27. Qd3 Qe7 28. g3
Kg8 29. Bg2 Bc8 30. Rxe4 dxe4 31. Qxe4 Ra7 32. Bg5 Rxa2 33. Bxe7 Ra1+ 34. Ne1
Rxe7 35. Bf1 Bf5 36. Qe2 Rd7 0-1

[Event "24th Abu Dhabi Masters"]
[Site "Abu Dhabi UAE"]
[Date "2017.08.21"]
[Round "8.27"]
[White "Gu, Xiaobing"]
[Black "Gupta, Abhijeet"]
[Result "0-1"]
[WhiteTitle "WGM"]
[BlackTitle "GM"]
[WhiteElo "2347"]
[BlackElo "2639"]
[WhiteFideId "8602611"]
[BlackFideId "5010608"]
[EventDate "2017.08.14"]

1. e4 c5 2. Nf3 d6 3. d4 cxd4 4. Nxd4 Nf6 5. Nc3 Nc6 6. Bg5 e6 7. Qd2 a6 8.
O-O-O Bd7 9. f4 b5 10. Nxc6 Bxc6 11. Qe3 Be7 12. e5 Nd5 13. Nxd5 Bxd5 14. Bxe7
Qxe7 15. exd6 Qxd6 16. Bd3 O-O 17. Be4 Rac8 18. Bxd5 exd5 19. Kb1 Rc4 20. Qe5
Qxe5 21. fxe5 Rd8 22. Rhe1 Rc6 23. c3 Kf8 24. Rd4 Ke7 25. Kc2 Rg6 26. g3 Ke6 27.
Rf4 Rc8 28. b3 Rg5 29. Kd3 Rc7 30. Kd4 a5 31. Re2 h5 32. Rff2 h4 33. Re3 hxg3
34. Rxg3 Rxe5 35. Rxg7 b4 36. cxb4 axb4 37. Kd3 Re4 38. Kd2 Rd4+ 39. Ke3 Rh4 40.
Kf3 d4 41. Rg8 Rc3+ 42. Kg2 f5 43. Re8+ Kd7 44. Re1 Re4 45. Ref1 Rg4+ 46. Kh1
Rc5 47. h3 Rh4 48. Kg2 Ke6 49. Kg3 Re4 50. Rd1 Rc3+ 51. Kg2 Ke5 52. Rfd2 f4 53.
h4 Rg3+ 54. Kh2 Rg4 55. Kh3 f3 56. h5 Rg5 57. h6 Kf4 58. Kh4 Rg4+ 59. Kh3 Rg6 0-1

[Event "24th Abu Dhabi Masters"]
[Site "Abu Dhabi UAE"]
[Date "2017.08.21"]
[Round "8.28"]
[White "Saurabh, Anand"]
[Black "Bellia, Fabrizio"]
[Result "1/2-1/2"]
[BlackTitle "IM"]
[WhiteElo "2332"]
[BlackElo "2444"]
[WhiteFideId "5094496"]
[BlackFideId "800511"]
[EventDate "2017.08.14"]

1. e4 e5 2. Nf3 Nc6 3. d4 exd4 4. Nxd4 Nf6 5. Nxc6 bxc6 6. e5 Qe7 7. Qe2 Nd5 8.
c4 Nb6 9. Nc3 Qe6 10. Qe4 g6 11. f4 Bb4 12. Bd2 O-O 13. O-O-O f5 14. exf6 Qxe4
15. Nxe4 Bxd2+ 16. Rxd2 d5 17. Nc3 dxc4 18. g3 Rxf6 19. Bg2 Bf5 20. Ne4 Re6 21.
Nc5 c3 22. bxc3 Re3 23. Bxc6 Rxc3+ 24. Kb2 Rxc5 25. Bxa8 Nxa8 26. Rd8+ Kf7 27.
h3 Nb6 28. g4 Be6 29. Re1 Nc4+ 30. Ka1 h5 31. f5 gxf5 32. gxh5 f4 33. Rd4 f3 34.
h6 Rf5 35. h7 f2 36. Red1 Rh5 37. Rf1 Rxh3 38. Rxf2+ Ke7 39. Rf1 c5 40. Re4 Nd2
41. Re3 Rxh7 42. Rfe1 Rh6 43. Rc3 Rh4 44. Rce3 Rh6 45. Rc3 Rh4 46. Rce3 Rh6 1/2-1/2

[Event "24th Abu Dhabi Masters"]
[Site "Abu Dhabi UAE"]
[Date "2017.08.21"]
[Round "8.29"]
[White "Suleymanli, Aydin"]
[Black "Nguyen, Anh Khoi"]
[Result "1-0"]
[WhiteTitle "CM"]
[BlackTitle "IM"]
[WhiteElo "2328"]
[BlackElo "2444"]
[WhiteFideId "13413937"]
[BlackFideId "12404675"]
[EventDate "2017.08.14"]

1. d4 Nf6 2. c4 g6 3. Nc3 Bg7 4. e4 d6 5. f4 O-O 6. Nf3 c5 7. d5 e6 8. Be2 exd5
9. cxd5 b5 10. e5 dxe5 11. fxe5 Ng4 12. Bg5 Qb6 13. O-O Nxe5 14. Nxe5 Bxe5 15.
Be7 Nd7 16. d6 c4+ 17. Kh1 Bb7 18. Bf3 Nc5 19. Nd5 Bxd5 20. Bxd5 Nd3 21. Bxa8
Rxa8 22. Qf3 Rb8 23. Qxf7+ Kh8 24. d7 1-0

[Event "24th Abu Dhabi Masters"]
[Site "Abu Dhabi UAE"]
[Date "2017.08.21"]
[Round "8.30"]
[White "Neelotpal, Das"]
[Black "Shailesh, Dravid"]
[Result "1-0"]
[WhiteTitle "GM"]
[WhiteElo "2441"]
[BlackElo "2254"]
[WhiteFideId "5003512"]
[BlackFideId "25017969"]
[EventDate "2017.08.14"]

1. Nf3 Nf6 2. g3 g6 3. Bg2 Bg7 4. O-O O-O 5. d4 d6 6. a4 a5 7. Nc3 d5 8. Bf4 c6
9. Qd2 Bf5 10. Nh4 Be6 11. Bh6 Na6 12. Bxg7 Kxg7 13. f4 Qd6 14. f5 Bd7 15. e4
dxe4 16. Nxe4 Nxe4 17. Bxe4 Nc7 18. c4 c5 19. d5 Ne8 20. fxg6 Nf6 21. Bc2 hxg6
22. Rae1 Rh8 23. Qc3 b6 24. Re5 Rae8 25. Nf3 e6 26. Ng5 exd5 27. Rxd5 Qc6 28.
Rxd7 Rxh2 29. Be4 Rxe4 30. Nxe4 1-0

[Event "24th Abu Dhabi Masters"]
[Site "Abu Dhabi UAE"]
[Date "2017.08.21"]
[Round "8.31"]
[White "Raja, Harshit"]
[Black "Davtyan, Artur"]
[Result "1/2-1/2"]
[BlackTitle "FM"]
[WhiteElo "2434"]
[BlackElo "2298"]
[WhiteFideId "5089000"]
[BlackFideId "13308327"]
[EventDate "2017.08.14"]

1. Nf3 d5 2. g3 Nf6 3. Bg2 e6 4. d4 Be7 5. O-O O-O 6. c4 dxc4 7. Ne5 Nc6 8. Bxc6
bxc6 9. Nxc6 Qe8 10. Nxe7+ Qxe7 11. Na3 Rd8 12. Qc2 Rxd4 13. Be3 Rd5 14. Qxc4 a5
15. Nb5 Ba6 16. a4 Qd7 17. Rfc1 Bxb5 18. axb5 Rxb5 19. Qxc7 Qxc7 20. Rxc7 Nd5
21. Rc5 Rxb2 22. Rcxa5 Rxa5 23. Rxa5 h6 24. Kf1 Nxe3+ 25. fxe3 Kh7 26. Kf2 f6
27. Ra7 h5 28. Re7 e5 29. h4 Kh6 30. e4 Rb3 31. Re6 Rb7 32. Kg2 Kg6 33. Re8 Rb3
34. Kf2 Rb4 35. Kf3 Rb3+ 36. Kf2 Rb4 37. Kf3 Rb3+ 1/2-1/2